|
|
|
|
| LEADER |
00000cam a22000004a 4500 |
| 001 |
musev2_14741 |
| 003 |
MdBmJHUP |
| 005 |
20230905041619.0 |
| 006 |
m o d |
| 007 |
cr||||||||nn|n |
| 008 |
120609r20122003pau o 00 0 eng d |
| 020 |
|
|
|a 9780812203226
|
| 020 |
|
|
|z 9780812220889
|
| 035 |
|
|
|a (OCoLC)802059457
|
| 040 |
|
|
|a MdBmJHUP
|c MdBmJHUP
|
| 050 |
|
4 |
|a GR825
|b .G55 2003
|
| 082 |
0 |
|
|a 001.944
|2 21
|
| 100 |
1 |
|
|a Gilmore, David D.,
|d 1943-
|
| 245 |
1 |
0 |
|a Monsters :
|b Evil Beings, Mythical Beasts, and All Manner of Imaginary Terrors /
|c David D. Gilmore.
|
| 264 |
|
1 |
|a Philadelphia, Pa. :
|b University of Pennsylvania Press,
|c 2003
|
| 264 |
|
3 |
|a Baltimore, Md. :
|b Project MUSE,
|c 2013
|
| 264 |
|
4 |
|c ©2003
|
| 300 |
|
|
|a 1 online resource (224 pages):
|b ill., digital file.
|
| 336 |
|
|
|a text
|b txt
|2 rdacontent
|
| 337 |
|
|
|a computer
|b c
|2 rdamedia
|
| 338 |
|
|
|a online resource
|b cr
|2 rdacarrier
|
| 500 |
|
|
|a Issued as part of book collections on Project MUSE.
|
| 504 |
|
|
|a Includes bibliographical references (p. [195]-204) and index.
|
| 505 |
0 |
|
|a Why study monsters? -- How to approach monsters -- Monsters in the west, I: the ancient world -- Monsters in the west, II: the Christian era -- Windigo: monster of the north -- An American monstruary -- The ogres of Asia -- Japan and the Pacific islands -- Ritual monsters -- Our monsters, ourselves.
|
| 506 |
|
|
|a Access restricted to authorized users and institutions.
|
| 520 |
3 |
|
|a Like so many other eternal adolescents, I am fascinated by imaginary monsters- especially the luscious ghouls and extraterrestrials in sci-fi literature and Hollywood films. They always inspired both dread and attraction in me, or perhaps empathy is a better word. So, given this morbid interest, the present book may represent a coming to grips with a juvenile obsession that has endured well into middle age. The appeal of monsters reaches a peak in childhood, when all prudent boys and girls check under their beds at night for demons, but it lingers well into adulthood. In those who are seriously weird-a category I admit belonging to-it evolves into a luxurious repertory of fantasies, anxieties, and phobias.
|
| 588 |
|
|
|a Description based on print version record.
|
| 650 |
|
0 |
|a Animals, Mythical.
|
| 650 |
|
0 |
|a Monsters.
|
| 655 |
|
7 |
|a Electronic books.
|2 local
|
| 710 |
2 |
|
|a Project Muse.
|
| 776 |
1 |
8 |
|i Print version:
|z 0812237021
|z 9780812237023
|z 9780812220889
|w (DLC) 2002028505
|
| 710 |
2 |
|
|a Project Muse.
|e distributor
|
| 830 |
|
0 |
|a Book collections on Project MUSE.
|
| 856 |
4 |
0 |
|z Texto completo
|u https://projectmuse.uam.elogim.com/book/14741/
|
| 945 |
|
|
|a Project MUSE - Custom Collection
|
| 945 |
|
|
|a Project MUSE - Archive Global Cultural Studies Supplement
|
| 945 |
|
|
|a Project MUSE - Archive Complete Supplement
|